[Event "Lloyds Bank Masters 14th"]
[Site "London"]
[Date "1990.08.26"]
[Round "9"]
[White "Fedorowicz, John P"]
[Black "Hassabis, Demis"]
[Result "1-0"]
[WhiteElo "2565"]
[BlackElo "2285"]
[PlyCount "111"]
[EventDate "1990.08.18"]
[EventType "swiss"]
[EventRounds "10"]
[EventCountry "ENG"]
[SourceTitle "BritBase"]
[Source "John Saunders"]
[SourceDate "2023.05.21"]
[SourceVersion "1"]
[SourceVersionDate "2023.05.21"]
[SourceQuality "1"]

1. e4 c5 2. Nf3 Nc6 3. d4 cxd4 4. Nxd4 e5 5. Nb5 d6 6. g3 h5 7. h4 a6 8. N5c3
Bg4 9. f3 Be6 10. Nd5 Bxd5 11. exd5 Nce7 12. c4 Nf5 13. Qa4+ Ke7 14. Bh3 g6 15.
Bxf5 gxf5 16. Nc3 Bh6 17. f4 Qb6 18. Bd2 Nf6 19. O-O-O e4 20. Kb1 Ng4 21. Rhe1
Rhe8 22. Ne2 Bg7 23. Qa3 Rac8 24. Rc1 Kd7 25. Bc3 Bxc3 26. Qxc3 Nf2 27. Rc2 Nd3
28. Rd1 Rc5 29. Qf6 Re7 30. Nd4 Rxc4 31. Nxf5 Rxc2 32. Kxc2 Re8 33. Qxf7+ Kd8
34. Qf6+ Kd7 35. Qg7+ Kd8 36. Qd4 Nb4+ 37. Kb3 Qxd4 38. Nxd4 Nxd5 39. Ne2 Ne3
40. Rxd6+ Kc7 41. Rh6 Rd8 42. Rxh5 Rd3+ 43. Nc3 Ng4 44. Rh7+ Kc6 45. Re7 Nf2
46. g4 Rh3 47. g5 Rxh4 48. f5 Rh5 49. Rg7 e3 50. f6 Ne4 51. f7 Nc5+ 52. Ka3 Nd7
53. Rg8 b5 54. Rc8+ Kb7 55. Rd8 Kc6 56. Rxd7 1-0

[Event "Lloyds Bank Masters 14th"]
[Site "London"]
[Date "1990.08.26"]
[Round "9"]
[White "Grosar, Aljosa"]
[Black "Murshed, Niaz"]
[Result "1-0"]
[WhiteElo "2330"]
[BlackElo "2465"]
[PlyCount "67"]
[EventDate "1990.08.18"]
[EventType "swiss"]
[EventRounds "10"]
[EventCountry "ENG"]
[SourceTitle "BritBase"]
[Source "John Saunders"]
[SourceDate "2023.05.21"]
[SourceVersion "1"]
[SourceVersionDate "2023.05.21"]
[SourceQuality "1"]

1. e4 g6 2. d4 c6 3. Nc3 d5 4. h3 Nf6 5. e5 Ne4 6. Nxe4 dxe4 7. Be3 Bg7 8. Bc4
O-O 9. Ne2 c5 10. c3 Qc7 11. Rc1 Nc6 12. a3 Na5 13. Bd5 Bf5 14. Qc2 cxd4 15.
cxd4 Qxc2 16. Rxc2 Rac8 17. Rxc8 Rxc8 18. g4 Be6 19. Bxe4 Bc4 20. f4 e6 21. Kf2
f5 22. gxf5 Bxe2 23. Kxe2 gxf5 24. Bb1 Kf7 25. d5 b6 26. Rd1 Nb7 27. dxe6+ Kxe6
28. Ba2+ Ke7 29. Bf2 Rc2+ 30. Kf3 Rxb2 31. Bh4+ Ke8 32. Bd5 Nc5 33. e6 Kf8 34.
e7+ 1-0

[Event "Lloyds Bank Masters 14th"]
[Site "London"]
[Date "1990.08.26"]
[Round "9"]
[White "Hebden, Mark"]
[Black "Burgess, Graham"]
[Result "1-0"]
[WhiteElo "2520"]
[BlackElo "2335"]
[PlyCount "97"]
[EventDate "1990.08.18"]
[EventType "swiss"]
[EventRounds "10"]
[EventCountry "ENG"]
[SourceTitle "BritBase"]
[Source "John Saunders"]
[SourceDate "2023.05.21"]
[SourceVersion "1"]
[SourceVersionDate "2023.05.21"]
[SourceQuality "1"]

1. d4 Nf6 2. Nf3 g6 3. Nc3 d5 4. Bf4 Bg7 5. e3 O-O 6. Be2 Bg4 7. Ne5 Bxe2 8.
Qxe2 c5 9. h4 h5 10. O-O-O Qa5 11. g4 cxd4 12. exd4 Nc6 13. gxh5 Nxh5 14. Nxc6
bxc6 15. Be5 Bh6+ 16. Kb1 Rab8 17. Rd3 Rb7 18. Rg1 Kh7 19. Nd1 Bf4 20. Rf3 Qd2
21. Qxd2 Bxd2 22. b3 Bh6 23. Nb2 f6 24. Bh2 Ng7 25. c3 e6 26. Nd3 Rbf7 27. Bd6
Rd8 28. Bf4 Rdd7 29. Bxh6 Kxh6 30. Nf4 e5 31. Nxg6 exd4 32. cxd4 Ne6 33. Nh8
Rf8 34. Rg6+ Kh7 35. Rgxf6 Rxf6 36. Rxf6 Nxd4 37. Rf7+ Rxf7 38. Nxf7 Kg6 39.
Nd8 Kh5 40. Kc1 Kxh4 41. Kd2 Kg4 42. Kd3 c5 43. b4 Kf3 44. bxc5 Nb5 45. Ne6
Kxf2 46. a4 Na3 47. c6 Nc4 48. c7 Nb6 49. Nf4 1-0

[Event "Lloyds Bank Masters 14th"]
[Site "London"]
[Date "1990.08.26"]
[Round "9"]
[White "Hodgson, Julian M"]
[Black "Ernst, Thomas"]
[Result "1/2-1/2"]
[WhiteElo "2555"]
[BlackElo "2440"]
[PlyCount "141"]
[EventDate "1990.08.18"]
[EventType "swiss"]
[EventRounds "10"]
[EventCountry "ENG"]
[SourceTitle "BritBase"]
[Source "John Saunders"]
[SourceDate "2023.05.21"]
[SourceVersion "1"]
[SourceVersionDate "2023.05.21"]
[SourceQuality "1"]

1. d4 Nf6 2. Bg5 e6 3. e4 h6 4. Bxf6 Qxf6 5. Nf3 d6 6. Nc3 Nd7 7. Qd2 c6 8.
O-O-O Qd8 9. Kb1 Be7 10. h4 Nb6 11. Qf4 Bd7 12. g4 Qc7 13. Be2 f6 14. g5 hxg5
15. hxg5 O-O-O 16. Qg3 e5 17. Rxh8 Rxh8 18. Nh4 exd4 19. Ng6 Re8 20. Nxe7+ Rxe7
21. gxf6 gxf6 22. Rxd4 d5 23. Qxc7+ Kxc7 24. exd5 cxd5 25. Rxd5 Rxe2 26. Rxd7+
Kxd7 27. Nxe2 Ke6 28. Kc1 Kf5 29. b3 Ke4 30. Ng1 Nd5 31. Kd2 f5 32. c4 Nb4 33.
a3 Nc6 34. Kc3 f4 35. b4 a6 36. c5 Ne5 37. a4 Nd3 38. Nh3 Ne5 39. a5 Nc6 40.
Ng5+ Kf5 41. Nf3 Ke4 42. Nd2+ Kd5 43. Nf3 Ke4 44. Ne1 Kd5 45. Nd3 Ke4 46. Kc4
f3 47. Nb2 Ne5+ 48. Kc3 Kd5 49. Nd3 Nc6 50. Ne1 Ne5 51. Kb3 Kd4 52. Nc2+ Kd3
53. b5 axb5 54. Nb4+ Ke2 55. c6 bxc6 56. a6 Nd7 57. a7 Nb6 58. Nxc6 Kxf2 59.
Ne5 Kg3 60. Nd3 Na8 61. Kb4 Kg4 62. Kxb5 Kf5 63. Kc6 Ke6 64. Kb7 Kd6 65. Nf2
Kd7 66. Ng4 Kd8 67. Nf2 Kd7 68. Ne4 Kd8 69. Kc6 Kc8 70. Nf2 Kd8 71. Kb7 1/2-1/2

[Event "Lloyds Bank Masters 14th"]
[Site "London"]
[Date "1990.08.26"]
[Round "9"]
[White "Howell, James C"]
[Black "Summerscale, Aaron"]
[Result "1-0"]
[WhiteElo "2415"]
[BlackElo "2315"]
[PlyCount "83"]
[EventDate "1990.08.18"]
[EventType "swiss"]
[EventRounds "10"]
[EventCountry "ENG"]
[SourceTitle "BritBase"]
[Source "John Saunders"]
[SourceDate "2023.05.21"]
[SourceVersion "1"]
[SourceVersionDate "2023.05.21"]
[SourceQuality "1"]

1. e4 g6 2. d4 Bg7 3. Nc3 c6 4. Bc4 d6 5. Qf3 e6 6. Nge2 Nd7 7. O-O Ne7 8. Bf4
d5 9. Bb3 O-O 10. Rad1 Re8 11. Qe3 b5 12. Ng3 a5 13. a3 Nb6 14. Bh6 Ba6 15.
Bxg7 Kxg7 16. Rfe1 Nec8 17. e5 Nd7 18. Qf4 Ncb6 19. Re3 Qe7 20. Nce2 c5 21. c3
Nc4 22. Bxc4 bxc4 23. h4 Reb8 24. Rd2 Rb7 25. Qg4 Rab8 26. dxc5 Qxc5 27. h5
Rxb2 28. Rxb2 Rxb2 29. hxg6 hxg6 30. Nh5+ Kf8 31. Qh4 Rb8 32. Nf6 Nxf6 33. Qxf6
Ke8 34. Rh3 Rb1+ 35. Kh2 Qe7 36. Qg7 Rf1 37. Nd4 Kd7 38. Rf3 Ke8 39. Rh3 Kd7
40. f3 Rf2 41. Rh7 Rd2 42. Qg8 1-0

[Event "Lloyds Bank Masters 14th"]
[Site "London"]
[Date "1990.08.26"]
[Round "9"]
[White "Kennaugh, Charles W"]
[Black "Emms, John M"]
[Result "0-1"]
[WhiteElo "2330"]
[BlackElo "2430"]
[PlyCount "110"]
[EventDate "1990.08.18"]
[EventType "swiss"]
[EventRounds "10"]
[EventCountry "ENG"]
[SourceTitle "BritBase"]
[Source "John Saunders"]
[SourceDate "2023.05.21"]
[SourceVersion "1"]
[SourceVersionDate "2023.05.21"]
[SourceQuality "1"]

1. e4 e5 2. f4 Bc5 3. Qh5 d6 4. fxe5 g6 5. Qf3 dxe5 6. Bc4 Qh4+ 7. g3 Qe7 8.
Nc3 Nf6 9. Nd5 Nxd5 10. Bxd5 h5 11. Ne2 c6 12. Bb3 Bg4 13. Qg2 h4 14. h3 Be6
15. d3 Na6 16. Bd2 Nb4 17. Bxb4 Bxb4+ 18. c3 Ba5 19. O-O-O O-O-O 20. Kc2 hxg3
21. Qxg3 Rh7 22. Rdf1 Rdh8 23. Rf3 Bb6 24. Qg2 Rh4 25. Qf1 R8h7 26. Kb1 Qd7 27.
Bxe6 Qxe6 28. Kc2 Qxa2 29. c4 Qa4+ 30. Kb1 Qb3 31. Nc1 Qb4 32. Rxf7 Bd4 33. Rh2
Kb8 34. Rf8+ Kc7 35. Rf7+ Rxf7 36. Qxf7+ Kb6 37. Qd7 Rf4 38. Qd8+ Ka6 39. Rc2
Rf1 40. Re2 Qb3 41. Rd2 Rxc1+ 42. Kxc1 Be3 43. Qd6 g5 44. Qa3+ Qxa3 45. bxa3
Kb6 46. Kc2 Bxd2 47. Kxd2 Kc5 48. Kc3 b5 49. Kb3 bxc4+ 50. dxc4 Kd4 51. Kb4
Kxe4 52. Kc5 Kd3 53. Kd6 Kxc4 54. Kxe5 c5 55. Kf5 Kb3 0-1

[Event "Lloyds Bank Masters 14th"]
[Site "London"]
[Date "1990.08.26"]
[Round "9"]
[White "Levitt, Jonathan P"]
[Black "Rogers, Ian"]
[Result "1-0"]
[WhiteElo "2455"]
[BlackElo "2535"]
[PlyCount "121"]
[EventDate "1990.08.18"]
[EventType "swiss"]
[EventRounds "10"]
[EventCountry "ENG"]
[SourceTitle "BritBase"]
[Source "John Saunders"]
[SourceDate "2023.05.21"]
[SourceVersion "1"]
[SourceVersionDate "2023.05.21"]
[SourceQuality "1"]

1. d4 d6 2. Nf3 Nf6 3. c4 g6 4. Nc3 Bg7 5. e4 O-O 6. Be2 e5 7. O-O Na6 8. Re1
c6 9. Bf1 exd4 10. Nxd4 Ng4 11. h3 Qb6 12. hxg4 Qxd4 13. Qe2 Qc5 14. Be3 Qb4
15. Rad1 Re8 16. a3 Qa5 17. Rxd6 Nc5 18. Bd4 Bxd4 19. Rxd4 Nb3 20. Rdd1 Qe5 21.
f3 Nd4 22. Qf2 Ne6 23. g3 g5 24. Rd2 f6 25. Nd1 a5 26. Ne3 a4 27. Nf5 Qc5 28.
Red1 Qxf2+ 29. Kxf2 Nc5 30. Nd6 Rf8 31. Nxc8 Rfxc8 32. Ke3 Kg7 33. Bd3 Ra6 34.
Bc2 Rb6 35. Rb1 h6 36. Rdd1 Rc7 37. Kd4 Nb3+ 38. Kc3 c5 39. Rd3 Kg6 40. Rbd1
Nd4 41. Bxa4 Rd6 42. Bb5 b6 43. b4 Rd8 44. a4 Kf7 45. Kb2 Rb8 46. Rh1 Rh8 47.
Rhd1 Rb8 48. Rxd4 cxd4 49. Rxd4 Ke7 50. Kc3 Rh8 51. a5 bxa5 52. bxa5 h5 53.
gxh5 Rxh5 54. a6 g4 55. Rd5 Rh3 56. fxg4 Rxg3+ 57. Kb4 Rxg4 58. Ka5 Ke6 59. Kb6
Rgg7 60. Bc6 Rc8 61. c5 1-0

[Event "Lloyds Bank Masters 14th"]
[Site "London"]
[Date "1990.08.26"]
[Round "9"]
[White "Luce, Sebastien"]
[Black "Cavendish, James"]
[Result "1-0"]
[WhiteElo "2415"]
[BlackElo "2325"]
[PlyCount "73"]
[EventDate "1990.08.18"]
[EventType "swiss"]
[EventRounds "10"]
[EventCountry "ENG"]
[SourceTitle "BritBase"]
[Source "John Saunders"]
[SourceDate "2023.05.21"]
[SourceVersion "1"]
[SourceVersionDate "2023.05.21"]
[SourceQuality "1"]

1. c4 Nf6 2. Nc3 e6 3. d4 Bb4 4. Qc2 O-O 5. a3 Bxc3+ 6. Qxc3 b6 7. f3 d5 8. Bg5
Ba6 9. cxd5 exd5 10. Rc1 c5 11. dxc5 d4 12. Qd2 bxc5 13. Rxc5 Re8 14. e4 Bxf1
15. Kxf1 Qd6 16. Rc1 Nc6 17. Rd1 h6 18. Bf4 Qe6 19. Ne2 Rad8 20. Kf2 g5 21. Bg3
Ne5 22. Bxe5 Qxe5 23. Nc1 Qb8 24. h4 g4 25. Qxh6 g3+ 26. Kg1 Qxb2 27. Rh3 Qf2+
28. Kh1 Nxe4 29. fxe4 Rxe4 30. Qg5+ Kh7 31. Rxg3 Qxg3 32. Qxg3 Rg8 33. Qf2 Rgg4
34. Qxf7+ Kh6 35. Rf1 Rxh4+ 36. Kg1 Rhg4 37. Rf6+ 1-0

[Event "Lloyds Bank Masters 14th"]
[Site "London"]
[Date "1990.08.26"]
[Round "9"]
[White "Safranska, Anda"]
[Black "Brynell, Stellan"]
[Result "0-1"]
[WhiteElo "2245"]
[BlackElo "2405"]
[PlyCount "102"]
[EventDate "1990.08.18"]
[EventType "swiss"]
[EventRounds "10"]
[EventCountry "ENG"]
[SourceTitle "BritBase"]
[Source "John Saunders"]
[SourceDate "2023.05.21"]
[SourceVersion "1"]
[SourceVersionDate "2023.05.21"]
[SourceQuality "1"]

1. e4 e6 2. d4 d5 3. Nd2 Nf6 4. e5 Nfd7 5. f4 c5 6. c3 Nc6 7. Ndf3 f5 8. Bd3
cxd4 9. cxd4 Nb6 10. Ne2 Bd7 11. O-O Be7 12. h3 O-O 13. g4 a5 14. gxf5 exf5 15.
Be3 a4 16. a3 Na5 17. Nc3 Nb3 18. Rb1 Rc8 19. Nd2 Nxd2 20. Bxd2 Kh8 21. Rf2 Nc4
22. Be1 b5 23. Na2 Qb6 24. Rf3 Be8 25. Be2 Bh5 26. Rd3 Bxe2 27. Qxe2 Qh6 28.
Bb4 Bxb4 29. Nxb4 Qxf4 30. Nxd5 Qe4 31. Nc3 Qb7 32. Rf1 f4 33. Qf2 g5 34. Kh2
Rcd8 35. Qe2 Ne3 36. Rg1 Rg8 37. d5 Qe7 38. Rxe3 fxe3 39. Qxe3 g4 40. e6 Qd6+
41. Kh1 g3 42. Qd4+ Rg7 43. Re1 g2+ 44. Kg1 Rf8 45. Nd1 Rf4 46. Qd2 Rf1+ 47.
Rxf1 Qh2+ 48. Kxh2 gxf1=N+ 49. Kh1 Nxd2 50. Ne3 Nf3 51. Ng4 Nd4 0-1

[Event "Lloyds Bank Masters 14th"]
[Site "London"]
[Date "1990.08.26"]
[Round "9"]
[White "Sakhatova, Gulnar->Sachs"]
[Black "Velickovic, Sasa"]
[Result "0-1"]
[WhiteElo "2315"]
[BlackElo "2415"]
[PlyCount "80"]
[EventDate "1990.08.18"]
[EventType "swiss"]
[EventRounds "10"]
[EventCountry "ENG"]
[SourceTitle "BritBase"]
[Source "John Saunders"]
[SourceDate "2023.05.21"]
[SourceVersion "1"]
[SourceVersionDate "2023.05.21"]
[SourceQuality "1"]

1. d4 c5 2. d5 Nf6 3. c4 g6 4. Nc3 Bg7 5. e4 d6 6. h3 O-O 7. Nf3 e6 8. Bd3 exd5
9. exd5 Re8+ 10. Be3 Nh5 11. O-O Nd7 12. g4 Nhf6 13. Qd2 h5 14. Bg5 hxg4 15.
hxg4 Nf8 16. Qf4 N8h7 17. Ne4 Rxe4 18. Bxe4 Bxg4 19. Bh4 Qb6 20. Rfe1 Bxf3 21.
Bxf3 Nd7 22. Re7 Ne5 23. Re1 Rf8 24. Be4 Qxb2 25. Rb1 Qd4 26. Bg3 Bf6 27. Bxg6
Qxf4 28. Bxh7+ Kxh7 29. Bxf4 Bxe7 30. Bxe5 dxe5 31. Rxb7 Bh4 32. Rxa7 Kg6 33.
Rc7 Ra8 34. Rxc5 Rxa2 35. Rc8 Rd2 36. f3 Kf5 37. Rf8 f6 38. Rg8 Bg5 39. Kf1 Kf4
40. Ke1 Rd4 0-1

[Event "Lloyds Bank Masters 14th"]
[Site "London"]
[Date "1990.08.26"]
[Round "9"]
[White "Smagin, Sergey"]
[Black "Morris, Philip"]
[Result "1-0"]
[WhiteElo "2550"]
[BlackElo "2380"]
[PlyCount "61"]
[EventDate "1990.08.18"]
[EventType "swiss"]
[EventRounds "10"]
[EventCountry "ENG"]
[SourceTitle "BritBase"]
[Source "John Saunders"]
[SourceDate "2023.05.21"]
[SourceVersion "1"]
[SourceVersionDate "2023.05.21"]
[SourceQuality "1"]

1. e4 e5 2. Nf3 Nc6 3. Bb5 a6 4. Ba4 Nf6 5. O-O Be7 6. Re1 b5 7. Bb3 d6 8. c3
O-O 9. h3 Na5 10. Bc2 c5 11. d4 Nd7 12. Nbd2 cxd4 13. cxd4 Nc6 14. Nb3 a5 15.
Bd3 Ba6 16. d5 Nb4 17. Bf1 Rc8 18. Nxa5 Nxd5 19. Qxd5 Qxa5 20. a4 Nf6 21. Bd2
Nxd5 22. Bxa5 Nc7 23. Rec1 Ne6 24. Bb4 Rxc1 25. Rxc1 Nc5 26. Bxc5 dxc5 27. Nxe5
c4 28. axb5 Bxb5 29. Bxc4 Bxc4 30. Rxc4 g6 31. Nc6 1-0

[Event "Lloyds Bank Masters 14th"]
[Site "London"]
[Date "1990.08.26"]
[Round "9"]
[White "Suba, Mihai"]
[Black "Naumkin, Igor"]
[Result "1-0"]
[WhiteElo "2520"]
[BlackElo "2445"]
[PlyCount "163"]
[EventDate "1990.08.18"]
[EventType "swiss"]
[EventRounds "10"]
[EventCountry "ENG"]
[SourceTitle "BritBase"]
[Source "John Saunders"]
[SourceDate "2023.05.21"]
[SourceVersion "1"]
[SourceVersionDate "2023.05.21"]
[SourceQuality "1"]

1. Nf3 Nf6 2. c4 b6 3. Nc3 Bb7 4. d4 e6 5. Bg5 Be7 6. Qc2 h6 7. Bh4 c5 8. dxc5
bxc5 9. e3 O-O 10. Be2 d6 11. O-O Nbd7 12. Rad1 Qb6 13. b3 Rfd8 14. Rd2 a6 15.
Rfd1 Nf8 16. Ne1 Ng6 17. Bg3 Ne8 18. Bf3 Bxf3 19. Nxf3 Ra7 20. e4 Raa8 21. e5
dxe5 22. Nxe5 Nxe5 23. Bxe5 Rxd2 24. Rxd2 Rd8 25. Ne4 Rxd2 26. Qxd2 Qc6 27. f3
f6 28. Bc3 Nd6 29. Nxd6 Bxd6 30. h3 Kf7 31. Kf1 Be7 32. Qf4 h5 33. Ke2 g5 34.
Qb8 Kg7 35. Ba5 e5 36. Qb6 Qc8 37. Qc7 Qe6 38. Qb7 Kg6 39. Bc7 Qd7 40. Qe4+ Kg7
41. Ba5 Qe6 42. g4 hxg4 43. hxg4 Qc8 44. Bd2 Qd7 45. Be3 Qc8 46. Kd3 Qd7+ 47.
Qd5 Qc8 48. Bd2 Kg6 49. Ba5 Kg7 50. a3 Qe8 51. Qe6 Kf8 52. Bc7 Qg6+ 53. Qf5 Qh6
54. Bxe5 Qh1 55. Kc2 Qg2+ 56. Kb1 Qf1+ 57. Ka2 Qe2+ 58. Bb2 a5 59. Qd5 Qf2 60.
a4 Qe1 61. Qd3 Qf2 62. Ka3 Kf7 63. Bc3 Qg1 64. Qd5+ Kf8 65. Qa8+ Kf7 66. Qd5+
Kf8 67. Qd3 Kf7 68. Kb2 Qg2+ 69. Kc1 Qg1+ 70. Kd2 Qf2+ 71. Qe2 Qxe2+ 72. Kxe2
Bd8 73. Ke3 Bc7 74. Ke4 Ke6 75. Be1 Bb6 76. Bg3 Bd8 77. Bh2 Bb6 78. Bb8 Bd8 79.
Ba7 Kd6 80. Kf5 Kc6 81. Bb8 Kd7 82. Bg3 1-0

[Event "Lloyds Bank Masters 14th"]
[Site "London"]
[Date "1990.08.26"]
[Round "9"]
[White "Suetin, Alexey S"]
[Black "Flear, Glenn C"]
[Result "1/2-1/2"]
[WhiteElo "2360"]
[BlackElo "2485"]
[PlyCount "62"]
[EventDate "1990.08.18"]
[EventType "swiss"]
[EventRounds "10"]
[EventCountry "ENG"]
[SourceTitle "BritBase"]
[Source "John Saunders"]
[SourceDate "2023.05.21"]
[SourceVersion "1"]
[SourceVersionDate "2023.05.21"]
[SourceQuality "1"]

1. c4 e6 2. Nc3 d5 3. d4 c6 4. e4 dxe4 5. Nxe4 Bb4+ 6. Nc3 c5 7. Nf3 Nf6 8. a3
Ba5 9. Be3 Ne4 10. Qc2 Nxc3 11. bxc3 cxd4 12. Bxd4 O-O 13. Bd3 f5 14. O-O Nc6
15. c5 Bc7 16. Rfe1 Qe7 17. Qa2 Kh8 18. Bb5 Nd8 19. Bc4 b6 20. cxb6 axb6 21.
Qd2 Nc6 22. Qg5 Re8 23. Qh5 Nxd4 24. cxd4 g6 25. Qh6 Qg7 26. Qe3 Bb7 27. Ng5 f4
28. Qh3 Bd5 29. Nxe6 Bxe6 30. Bxe6 Qxd4 31. Rad1 Qg7 1/2-1/2

[Event "Lloyds Bank Masters 14th"]
[Site "London"]
[Date "1990.08.26"]
[Round "9"]
[White "Ward, Christopher G"]
[Black "Cullip, Stephen"]
[Result "1-0"]
[WhiteElo "2460"]
[BlackElo "2270"]
[PlyCount "27"]
[EventDate "1990.08.18"]
[EventType "swiss"]
[EventRounds "10"]
[EventCountry "ENG"]
[SourceTitle "BritBase"]
[Source "John Saunders"]
[SourceDate "2023.05.21"]
[SourceVersion "1"]
[SourceVersionDate "2023.05.21"]
[SourceQuality "1"]

1. Nf3 c5 2. c4 Nf6 3. Nc3 b6 4. d4 cxd4 5. Nxd4 Bb7 6. Bg5 d6 7. Bxf6 gxf6 8.
e3 Nd7 9. Qh5 Ne5 10. f4 Ng6 11. c5 a6 12. c6 Bc8 13. Nd5 Ra7 14. Rc1 1-0

[Event "Lloyds Bank Masters 14th"]
[Site "London"]
[Date "1990.08.26"]
[Round "9"]
[White "Yeo, Michael J"]
[Black "Babu, N Sudhakar"]
[Result "1/2-1/2"]
[WhiteElo "2230"]
[BlackElo "2415"]
[PlyCount "55"]
[EventDate "1990.08.18"]
[EventType "swiss"]
[EventRounds "10"]
[EventCountry "ENG"]
[SourceTitle "BritBase"]
[Source "John Saunders"]
[SourceDate "2023.05.21"]
[SourceVersion "1"]
[SourceVersionDate "2023.05.21"]
[SourceQuality "1"]

1. e4 c5 2. Nf3 d6 3. d4 Nf6 4. Nc3 cxd4 5. Nxd4 g6 6. Be3 Bg7 7. f3 O-O 8. Qd2
Nc6 9. Bc4 Bd7 10. h4 Ne5 11. Bb3 Rc8 12. O-O-O Nc4 13. Bxc4 Rxc4 14. h5 Nxh5
15. g4 Nf6 16. Bh6 Nxe4 17. Qe3 Rxc3 18. bxc3 Nf6 19. Bxg7 Kxg7 20. Qh6+ Kh8
21. Ne2 Rg8 22. Qe3 Bc6 23. Rh3 a6 24. c4 b6 25. Nc3 Re8 26. Rdh1 Rg8 27. Re1
Re8 28. Reh1 1/2-1/2

[Event "Lloyds Bank Masters 14th"]
[Site "London"]
[Date "1990.08.26"]
[Round "9"]
[White "Gallagher, Joseph G"]
[Black "Chandler, Murray G"]
[Result "1-0"]
[WhiteElo "2470"]
[BlackElo "2585"]
[PlyCount "81"]
[EventDate "1990.08.18"]
[EventType "swiss"]
[EventRounds "10"]
[EventCountry "ENG"]
[SourceTitle "BritBase"]
[Source "John Saunders"]
[SourceDate "2023.05.21"]
[SourceVersion "1"]
[SourceVersionDate "2023.05.21"]
[SourceQuality "1"]

1. e4 c5 2. Nf3 Nc6 3. d4 cxd4 4. Nxd4 Nf6 5. Nc3 d6 6. Bg5 e6 7. Qd2 a6 8.
O-O-O Bd7 9. f4 b5 10. Bxf6 gxf6 11. Nxc6 Bxc6 12. Bd3 Qb6 13. Rhe1 O-O-O 14.
Kb1 Kb8 15. a3 h5 16. Qe2 h4 17. g4 d5 18. exd5 exd5 19. Na2 Bd6 20. Qf3 Bb7
21. Bf5 Rhe8 22. Nb4 d4 23. Be4 Rxe4 24. Rxe4 a5 25. Nd3 Qc6 26. Rde1 Qc4 27.
Qe2 Bxe4 28. Qxe4 a4 29. Qf5 Rc8 30. Re2 Be7 31. Qd7 Rc7 32. Qe8+ Ka7 33. Ka1
Bd6 34. Qd8 Qc6 35. Qxf6 Qh1+ 36. Re1 Qd5 37. Kb1 b4 38. axb4 Qc4 39. Qxd6
Qxc2+ 40. Ka1 a3 41. Qxd4+ 1-0

[Event "Lloyds Bank Masters 14th"]
[Site "London"]
[Date "1990.08.26"]
[Round "9"]
[White "Soltis, Andrew E"]
[Black "Mittelman, Gur"]
[Result "1/2-1/2"]
[WhiteElo "2400"]
[BlackElo "2220"]
[PlyCount "93"]
[EventDate "1990.08.18"]
[EventType "swiss"]
[EventRounds "10"]
[EventCountry "ENG"]
[SourceTitle "BritBase"]
[Source "John Saunders"]
[SourceDate "2023.05.21"]
[SourceVersion "1"]
[SourceVersionDate "2023.05.21"]
[SourceQuality "1"]

1. e4 c5 2. Nc3 d6 3. Nge2 g6 4. d4 cxd4 5. Nxd4 Nf6 6. Be2 Bg7 7. Nb3 Nc6 8.
Be3 O-O 9. g4 Be6 10. g5 Nd7 11. h4 Nb6 12. Qd2 d5 13. O-O-O dxe4 14. Nxe4
Qxd2+ 15. Rxd2 Nc4 16. Bxc4 Bxc4 17. Rhd1 b6 18. Nd4 Nb4 19. a3 Nd5 20. Nc6
Rac8 21. Nxa7 Rc7 22. Nb5 Bxb5 23. Rxd5 Bc6 24. f3 Bxd5 25. Rxd5 f5 26. gxf6
Bxf6 27. Bxb6 Bxb2+ 28. Kxb2 Rb7 29. Rb5 Rfb8 30. c4 Rxb6 31. a4 Rxb5+ 32. cxb5
Kf7 33. Nc5 e6 34. Na6 Rb7 35. Kb3 Ke7 36. Kb4 Kd6 37. Nc5 Rf7 38. Ne4+ Kc7 39.
Ng5 Rf4+ 40. Ka5 Rxh4 41. Nxe6+ Kd6 42. b6 Kc6 43. f4 Rh1 44. Ka6 Rb1 45. Nd4+
Kc5 46. Ne6+ Kc6 47. Nd4+ {Source: Andrew Soltis; contributed by Andy Ansel,
28 May 2023} 1/2-1/2

[Event "Lloyds Bank Masters 14th"]
[Site "London"]
[Date "1990.08.27"]
[Round "10"]
[White "Emms, John M"]
[Black "Hodgson, Julian M"]
[Result "1/2-1/2"]
[WhiteElo "2430"]
[BlackElo "2555"]
[PlyCount "179"]
[EventDate "1990.08.18"]
[EventType "swiss"]
[EventRounds "10"]
[EventCountry "ENG"]
[SourceTitle "BritBase"]
[Source "John Saunders"]
[SourceDate "2023.05.21"]
[SourceVersion "1"]
[SourceVersionDate "2023.05.21"]
[SourceQuality "1"]

1. e4 d6 2. d4 Nf6 3. Nc3 g6 4. Bg5 Bg7 5. Qd2 h6 6. Bf4 g5 7. Bg3 Nh5 8. O-O-O
Nc6 9. Bb5 Bd7 10. Nge2 e6 11. f3 Nxg3 12. hxg3 Qe7 13. g4 O-O-O 14. Qe3 Kb8
15. Ng3 Rhg8 16. Kb1 Rc8 17. Bxc6 Bxc6 18. Rd2 Rgd8 19. Rhd1 Be8 20. e5 Bh8 21.
Nh5 c5 22. exd6 Rxd6 23. dxc5 Rxd2 24. Rxd2 Qxc5 25. Qxc5 Rxc5 26. Ne4 Rc8 27.
Nd6 Rd8 28. Rd3 Kc7 29. Nxe8+ Rxe8 30. c3 f5 31. Kc2 Rf8 32. gxf5 exf5 33. Re3
Kd6 34. Rd3+ Ke6 35. Re3+ Kf7 36. Rd3 Be5 37. Rd7+ Kg6 38. g4 fxg4 39. fxg4
Rf2+ 40. Rd2 Rxd2+ 41. Kxd2 Kf7 42. b3 Ke6 43. Kd3 a5 44. c4 b6 45. Ke4 Kd6 46.
Kf5 Bd4 47. Ng3 Kc5 48. Ke4 Bf2 49. Nf5 Kb4 50. Kd3 Ka3 51. Kc2 Kxa2 52. Nxh6
Ka3 53. Nf7 Be3 54. Ne5 Bd4 55. Nf3 Bf6 56. Nd2 Kb4 57. Ne4 Be7 58. Nc3 Bd8 59.
Na4 Bc7 60. Nc3 Bd8 61. Na4 b5 62. cxb5 Kxb5 63. Nc3+ Kb4 64. Ne4 Be7 65. Nc3
Bd6 66. Ne4 Bf4 67. Nf6 Kc5 68. Kd3 Bc1 69. Kc2 Be3 70. Kd3 Bf4 71. Nd7+ Kd6
72. Nb6 Kc5 73. Nd7+ Kd6 74. Nb6 Kc6 75. Na4 Kb5 76. Nc3+ Kc5 77. Na4+ Kb4 78.
Kc2 Be5 79. Nb6 Kc5 80. Nc4 Bc7 81. Kc3 Kd5 82. Kd3 Bd8 83. Nd2 Ke5 84. Kc3 Kd5
85. b4 a4 86. Kb2 Kc6 87. Ka3 Kb5 88. Ne4 Be7 89. Nc3+ Kc4 90. Ne4 1/2-1/2

[Event "Lloyds Bank Masters 14th"]
[Site "London"]
[Date "1990.08.27"]
[Round "10"]
[White "Flear, Glenn C"]
[Black "Kennaugh, Charles W"]
[Result "1-0"]
[WhiteElo "2485"]
[BlackElo "2330"]
[PlyCount "47"]
[EventDate "1990.08.18"]
[EventType "swiss"]
[EventRounds "10"]
[EventCountry "ENG"]
[SourceTitle "BritBase"]
[Source "John Saunders"]
[SourceDate "2023.05.21"]
[SourceVersion "1"]
[SourceVersionDate "2023.05.21"]
[SourceQuality "1"]

1. d4 c5 2. d5 Nf6 3. c4 b5 4. cxb5 a6 5. e3 Bb7 6. Nc3 Qa5 7. bxa6 Nxa6 8. Bd2
Qb6 9. e4 g6 10. Nf3 Bg7 11. Bc4 Nc7 12. O-O O-O 13. Qe2 Rfb8 14. a3 d6 15. b4
cxb4 16. axb4 Na6 17. Rfb1 Ng4 18. Ra3 Rc8 19. h3 Ne5 20. Nxe5 Bxe5 21. Nb5 Qd8
22. Be3 Nb8 23. Rxa8 Bxa8 24. Na7 1-0